Stockholm Tvärbanan Stops - Statistics

General Stats
  • This quiz has been taken 68 times
  • The average score is 15 of 28
Answer Stats
Hint Answer % Correct
Linje 30 Liljeholmen
91%
Linje 30 Solna Centrum
85%
Linje 30,31 Alvik
76%
Linje 30 Globen
74%
Linje 31 Bromma flygplats
71%
Linje 30 Gullmarsplan
71%
Linje 30 Sickla västra
71%
Linje 30 Årstaberg
68%
Linje 30 Gröndal
65%
Linje 30 Trekanten
65%
Linje 30 Sundbybergs centrum
62%
Linje 30 Solna Station
59%
Linje 30 Årstafältet
56%
Linje 30 Stora Essingen
56%
Linje 30 Årstadal
53%
Linje 30 Luma
53%
Linje 30 Sickla udde
50%
Linje 31 Bromma Blocks
47%
Linje 30 Mårtensdal
47%
Linje 30 Sickla kaj
41%
Linje 30, 31 Alviks strand
38%
Linje 30 Valla torg
38%
Linje 30 Solna Business Park
35%
Linje 30 Linde
29%
Linje 30 Bällsta bro
21%
Linje 30, 31 Johannesfred
21%
Linje 30 Karlsbodavägen
21%
Linje 30, 31 Norra Ulvsunda
21%
No matching quizzes found
Score Distribution
Percent of People with Each Score
Percentile by Number Answered
Your Score History
You have not taken this quiz